| 000 | 01003cam a2200277 4500 | ||
|---|---|---|---|
| 001 | 8321 | ||
| 005 | 20181127185626.0 | ||
| 008 | 000404s1999 at b 001 0 eng d | ||
| 010 | _a 00300376 | ||
| 020 | _a0455216754 | ||
| 082 | 0 | 0 |
_a343.9409/9 _221 |
| 100 | 1 |
_aButler, D. A. _q(Des A.) |
|
| 245 | 1 | 0 |
_aAustralian media law / _cDes Butler, Sharon Rodrick ; with contributions by Lawrence McNamara, Anne Fitzgerald. |
| 250 | _a1st ed. | ||
| 260 |
_aSydney : _bLBC Information Services ; _aHolmes Beach, Fla. : _bGaunt [distributor], _c1999. |
||
| 300 |
_axxii, 569 p. ; _c24 cm. |
||
| 504 | _aIncludes bibliographical references (p. 547-550) and index. | ||
| 650 | 0 |
_aFreedom of information _zAustralia. |
|
| 650 | 0 |
_aFreedom of the press _zAustralia. |
|
| 650 | 0 |
_aMass media _xLaw and legislation _zAustralia. |
|
| 650 | 0 |
_aPress law _zAustralia. |
|
| 700 | 1 |
_aFitzgerald, Anne, _d1955- |
|
| 700 | 1 | _aMcNamara, Lawrence. | |
| 700 | 1 | _aRodrick, Sharon. | |
| 999 |
_c7185 _d7185 |
||